000 00579nam a22002057a 4500
003 OSt
005 20210414083324.0
008 210312s1971 ||||| |||| 00| 0 eng d
040 _aeng
_beng
_cDLC
080 _a811.111
_bH-94
100 _91410
_aHussey, H. Hugh
245 _aStylebook / Editorial Manual
_c/ by: American Medical Association
250 _a5th edition
260 _aChicago
_bAmerican Medical Association
_c1971
300 _a118 p.
365 _b2 usd
650 0 _9480
_aEnglish Language
653 _aინგლისური ენა
942 _2udc
_cBK
999 _c2207
_d2207